| 000 | 00617nam a2200205 i 4500 | ||
|---|---|---|---|
| 001 | sa 63003163 | ||
| 003 | DLC | ||
| 005 | 20260227111939.0 | ||
| 008 | 811028s1962 ii a 00010 mar | ||
| 010 | _asa 63003163 //r81 | ||
| 025 | _aPL480:I-Mar-295 | ||
| 050 | 0 |
_aPK2418.T48 _bZ75 |
|
| 100 | 1 | 0 | _aMarāṭhe, K. B. |
| 245 | 1 | 0 |
_aBālakavi / _cKr̥.Bā. Marāṭhe. |
| 250 | _a[Prathamāvr̥tti]. | ||
| 260 | 0 |
_aMumbaī : _bMauja Prakāśana Gr̥ha, _c[1962] |
|
| 300 |
_a198 p. : _bill. ; _c22 cm. |
||
| 500 | _aIn Marathi. | ||
| 600 | 1 | 0 |
_aṬhomare, Tryambaka Bāpūjī, _d1890-1918 _xCriticism and interpretation. |
| 999 |
_c54920 _d54920 |
||